000 00431nam a2200181Ia 4500
005 20240921120817.0
008 240921s9999||||xx |||||||||||||| ||und||
041 _aENGLISH
082 _A630 M9
100 _aThe Hindu
245 0 _aSurvey of Indian Agriculture 1989
250 _a1st
260 _c1989
_bHindu,Madras
500 _aFood Power
650 _aAgriculture
_bManagement Studies
942 _cBK
999 _c247597
_d247597